Catálogo
 En Linea

Hacer menos, conseguir más : (Registro nro. 36051)

Detalles MARC
000 -CABECERA
campo de control de longitud fija 00677nam a2200181 a 4500
001 - NÚMERO DE CONTROL
campo de control 000036560
005 - FECHA Y HORA DE LA ÚLTIMA TRANSACCIÓN
campo de control 20200930075811.0
008 - DATOS DE LONGITUD FIJA--INFORMACIÓN GENERAL
campo de control de longitud fija 120120s1999 sp 000 0 spa d
020 ## - NÚMERO INTERNACIONAL ESTÁNDAR DEL LIBRO
Número Internacional Estándar del Libro 8401012376
040 ## - FUENTE DE LA CATALOGACIÓN
Centro catalogador/agencia de origen DO-SdBNP
Lengua de catalogación spa
Centro/agencia transcriptor BNPHU
082 ## - NÚMERO DE LA CLASIFICACIÓN DECIMAL DEWEY
Número de clasificación xxxx
Número de documento/Ítem xxxx
100 1# - ENTRADA PRINCIPAL--NOMBRE DE PERSONA
Nombre de persona Chin-Ning Chu
9 (RLIN) 62821
245 10 - MENCIÓN DE TÍTULO
Título Hacer menos, conseguir más :
Resto del título la importancia de la armonía interior para conseguir mayor satisfacción con menos esfuerzo /
Mención de responsabilidad, etc. Chin-Ning Chu ; prólogo Denis Waitley ; traducción Elvira Heredia.
260 ## - PUBLICACIÓN, DISTRIBUCIÓN, ETC.
Lugar de publicación, distribución, etc. Barcelona, :
Nombre del editor, distribuidor, etc. Plaza & Juanes,
Fecha de publicación, distribución, etc. 1999.
300 ## - DESCRIPCIÓN FÍSICA
Extensión 174 p. ;
Dimensiones 22 cm.
700 1# - PUNTO DE ACCESO ADICIONAL--NOMBRE DE PERSONA
Nombre de persona Waitley, Denis,
Término indicativo de función/relación pról.
9 (RLIN) 62822
700 1# - PUNTO DE ACCESO ADICIONAL--NOMBRE DE PERSONA
Nombre de persona Heredia, Elvira,
Término indicativo de función/relación tr.
9 (RLIN) 62823
Existencias
Estado de retiro Estado de pérdida Restricciones de uso No para préstamo Código de colección Localización permanente Ubicación/localización actual Ubicación en estantería Fecha de adquisición Número de inventario Total de préstamos Signatura topográfica completa Código de barras Fecha visto por última vez Precio válido a partir de Tipo de ítem Koha
      Excluido de préstamo Monografías: Libros y Folletos General General Depósito 20.01.2012 LF1   xxxx xxxx 36560-10 25.06.2020 25.06.2020 No se presta

Con tecnología Koha